000
00365nam a2200169Ia 4500
100
_a
Majumdar/Ramanuj
250
_a
3
942
_c
BK
366
_f
20
654
_a
product management
245
_a
Product Management in India
260
_b
Prentice -Hall
_a
New Delhi
_c
2007
082
_a
658.8/MAJ
_b
MAJ
300
_a
430
546
_a
ENGLISH
999
_c
23011
_d
23011